| 000 | 00440nam a2200193Ia 4500 | ||
|---|---|---|---|
| 003 | 0100 | ||
| 008 | 130303s9999 xx 000 0 und d | ||
| 040 | _cARRUPELIB | ||
| 050 | _aQA21.K52 | ||
| 100 | _aKline, Morris | ||
| 245 | _aMathematics in western culture | ||
| 260 | _aNY | ||
| 260 | _bOxford UP | ||
| 260 | _C1953 | ||
| 300 | _a484p | ||
| 650 | _bPhilosophy, European - 18th century | ||
| 650 | _cEnlightenment | ||
| 942 | 0 | 0 | _01 |
| 999 |
_c54067 _d54067 |
||